[Event "ROM-ch U12"]
[Site "Calimanesti"]
[Date "2018.03.31"]
[Round "6"]
[White "Constantinescu, Calin Theodor"]
[Black "Gatej, Luca"]
[Result "0-1"]
[WhiteElo "1263"]
[BlackElo "1040"]
[PlyCount "104"]
[EventDate "2018.03.27"]
[EventType "swiss"]
[EventRounds "9"]
[EventCountry "ROU"]
[SourceTitle "CBM 183 Extra"]
[Source "ChessBase"]
[SourceDate "2018.04.19"]
[SourceVersion "1"]
[SourceVersionDate "2018.04.19"]
[SourceQuality "1"]

1. e4 c5 2. Nf3 g6 3. d4 cxd4 4. Nxd4 Bg7 5. Be3 Nc6 6. Nc3 Nf6 7. f3 0-0 8. Qd2 d5 9. 0-0-0 dxe4 10. fxe4 Ng4 11. Nxc6 Qxd2+ 12. Bxd2 bxc6 13. Re1 Rd8 14. Bc4 Rd4 15. Bb3 Ba6 16. Be3 Nxe3 17. Rxe3 Bh6 18. Rhe1 Bxe3+ 19. Rxe3 Rad8 20. Rf3 Bc4 21. Ba4 Be2 22. Rd3 Bxd3 23. cxd3 Rxd3 24. Bxc6 Rc8 25. Bb5 Rdxc3+ 26. bxc3 Rxc3+ 27. Kd2 Rc5 28. a4 Rg5 29. Bf1 Kg7 30. Ke3 e5 31. Kf2 f5 32. Bd3 Kf6 33. g3 fxe4 34. Bxe4 Rh5 35. h4 g5 36. Kf3 gxh4 37. Kg4 Rg5+ 38. Kxh4 h6 39. g4 Ke6 40. a5 Kd6 41. a6 Kc5 42. Kg3 Kb6 43. Bb7 Kc5 44. Kf3 Kd4 45. Be4 h5 46. gxh5 Rxh5 47. Bb7 Rh3+ 48. Kg4 Re3 49. Kf5 e4 50. Ke6 Rc3 51. Kd6 e3 52. Bf3 Kd3 0-1

[Event "ROM-ch U10"]
[Site "Baile Felix"]
[Date "2017.02.05"]
[Round "4"]
[White "Gatej, Luca"]
[Black "Antal, Magor Laszlo"]
[Result "1-0"]
[WhiteElo "1147"]
[BlackElo "1001"]
[PlyCount "45"]
[EventDate "2017.02.02"]
[EventType "swiss"]
[EventRounds "9"]
[EventCountry "ROU"]
[SourceTitle "CBM 176 Extra"]
[Source "ChessBase"]
[SourceDate "2017.03.02"]
[SourceVersion "1"]
[SourceVersionDate "2017.03.02"]
[SourceQuality "1"]

1. d4 e6 2. e3 d5 3. Nf3 c5 4. c3 c4 5. Be2 g6 6. 0-0 Bg7 7. b3 b5 8. Nbd2 Ba6 9. a4 cxb3 10. axb5 Bb7 11. Qxb3 f5 12. Ne1 Nf6 13. f4 0-0 14. Nef3 Nbd7 15. Ng5 Qe7 16. Ba3 Qe8 17. Bxf8 Nxf8 18. c4 dxc4 19. Bxc4 Bd5 20. Qc3 Rc8 21. Qb3 h6 22. Ngf3 Qd8 23. Rxa7 1-0

[Event "ROM-ch U10"]
[Site "Baile Felix"]
[Date "2017.02.05"]
[Round "5"]
[White "Paraschiv, Alexandru Stefan"]
[Black "Gatej, Luca"]
[Result "1-0"]
[WhiteElo "1228"]
[BlackElo "1147"]
[PlyCount "63"]
[EventDate "2017.02.02"]
[EventType "swiss"]
[EventRounds "9"]
[EventCountry "ROU"]
[SourceTitle "CBM 176 Extra"]
[Source "ChessBase"]
[SourceDate "2017.03.02"]
[SourceVersion "1"]
[SourceVersionDate "2017.03.02"]
[SourceQuality "1"]

1. d4 Nf6 2. c4 g6 3. Nc3 Bg7 4. e4 d6 5. h3 0-0 6. Bg5 c5 7. d5 e5 8. Bd3 h6 9. Be3 Ne8 10. g4 f5 11. gxf5 gxf5 12. exf5 Bxf5 13. Bxf5 Rxf5 14. Nge2 Rf3 15. Ng3 Rf7 16. 0-0 Qh4 17. Qh5 Qxh5 18. Nxh5 Nc7 19. Nxg7 Rxg7+ 20. Kh2 h5 21. Rg1 Nd7 22. Bh6 Rxg1 23. Rxg1+ Kh7 24. Be3 a6 25. Rf1 Rg8 26. f4 Re8 27. fxe5 Rxe5 28. Bf4 Rf5 29. Kg2 Ne8 30. Re1 Rxf4 31. Rxe8 Rf7 32. Ne4 1-0

[Event "ROM-ch U08"]
[Site "Calimanesti"]
[Date "2015.04.02"]
[Round "5"]
[White "Gatej, Luca"]
[Black "Radu, Teodor"]
[Result "1-0"]
[WhiteElo "1026"]
[BlackElo "1001"]
[PlyCount "63"]
[EventDate "2015.03.30"]
[EventType "swiss"]
[EventRounds "9"]
[EventCountry "ROU"]
[SourceTitle "CBM 165 Extra"]
[Source "ChessBase"]
[SourceDate "2015.04.21"]
[SourceVersion "1"]
[SourceVersionDate "2015.04.21"]
[SourceQuality "1"]

1. e4 e5 2. Nf3 Nc6 3. Nc3 Nf6 4. d4 d5 5. Bd3 dxe4 6. Bxe4 exd4 7. Bxc6+ bxc6 8. Nxd4 Ba6 9. Nxc6 Qd7 10. Qxd7+ Nxd7 11. b4 Bd6 12. b5 Bb7 13. Na5 Rb8 14. Nc6 Bxc6 15. bxc6 Nc5 16. Be3 0-0 17. 0-0 Ne6 18. Bxa7 Ra8 19. Be3 Nd8 20. Ne4 Nxc6 21. Nxd6 cxd6 22. Rad1 Rfd8 23. Rd3 Rxa2 24. Rc3 Nb4 25. Rd1 Nxc2 26. Bc5 Ra5 27. Bb6 Ra2 28. Bxd8 Ra1 29. Rxa1 Nxa1 30. Rd3 Nc2 31. Rxd6 f5 32. Rc6 1-0